00886nab a22001937a 4500003000400000005001700004008004100021040000700062100003100069245016300100260007200263300001100335500005100346505008900397650002000486650002500506700002400531773013700555OSt20260116211344.0190605e xxu||||| |||| 00| 0 spa d cPJ aFunes de Rioja, Florencia 10aUn reconocimiento transversal a la autonomía y la competencia judicial para evaluarla. El artículo 15 LCT /cFlorencia Funes de Rioja, Lucila Tagliaferro. aCiudad Autónoma de Buenos Aires :bThomson Reuters La Ley,c2025. ap. 5-9 aCita Online: Cita: TR LALEY AR/DOC/1022/2025. t¿Te interesa el texto completo? Solicitalo al correo: koha@justierradelfuego.gov.ar 0aDERECHO LABORAL 0aCONCILIACION LABORAL aTagliaferro, Lucila0 02711dCiudad Autónoma de Buenos Aires : Thomson Reuters La Ley, 1999-2002.tRevista de derecho del trabajo. Nº 6 - Noviembre 2025